000 00396nam a2200193Ia 4500
003 IT-RoPAU
008 120407s9999 xx 000 0 und d
040 _aIT-RoPAU
040 _cIT-RoPAU
041 _aita
100 _aUgo Ojetti
245 _aOttocento, novecento via dicendo
260 _aModadori
260 _c1943
300 _c cm
490 _v1
942 _cBK
999 _c13883
_d13883